LEADER 00858nam0-22003131i-450- 001 990000502650403321 005 20071004123852.0 010 $a0-306-10923-9 035 $a000050265 035 $aFED01000050265 035 $a(Aleph)000050265FED01 035 $a000050265 100 $a20020821d1977----km-y0itay50------ba 101 1 $aeng$crus 105 $aa-------001yy 200 1 $aLaser-Induced discharge phenomena$fYu P. Raizer 210 $aNew York ; London$cConsultants Bureau$dc1977 215 $a366 p.$cill.$d23 cm 225 1 $aStudies in Soviet science 610 0 $aFasci laser 610 0 $aScariche attraverso i gas 676 $a535.58 700 1$aRaizer,$bYu P. 801 0$aIT$bUNINA$gRICA$2UNIMARC 901 $aBK 912 $a990000502650403321 952 $a10 B III 188$bL/212 CNR$fDINEL 959 $aDINEL 997 $aUNINA LEADER 01405oam 2200457zu 450 001 9910145434503321 005 20241212215636.0 010 $a9781509070176 010 $a1509070176 010 $a9780769535272 010 $a0769535275 024 7 $a10.1109/geows15091.2009 035 $a(CKB)1000000000710179 035 $a(SSID)ssj0000452811 035 $a(PQKBManifestationID)12148958 035 $a(PQKBTitleCode)TC0000452811 035 $a(PQKBWorkID)10472273 035 $a(PQKB)11230552 035 $a(NjHacI)991000000000710179 035 $a(EXLCZ)991000000000710179 100 $a20160829d2009 uy 101 0 $aeng 135 $aur||||||||||| 181 $ctxt 182 $cc 183 $acr 200 10$a2009 International Conference on Advanced Geographic Information Systems and Web Services 210 31$a[Place of publication not identified]$cIEEE$d2009 215 $a1 online resource 300 $aBibliographic Level Mode of Issuance: Monograph 311 08$a9781424433636 311 08$a1424433630 606 $aGeographic information systems$vCongresses 615 0$aGeographic information systems 676 $a910.285 702 $aIEEE Staff 801 0$bPQKB 906 $aPROCEEDING 912 $a9910145434503321 996 $a2009 International Conference on Advanced Geographic Information Systems and Web Services$92518289 997 $aUNINA